00750nam a22002297a 450000500170000001000130001702000100003003500130004003700160005304000120006908200190008110000270010024500770012724600560020426000550026027000850031530000190040065000260041965000320044565000230047765000200050020170123162356.0 aA-941660 c35.00 aA-941660 bCen Lib/Ret aDPLbUR a920bق ر ے  aقریشی، حیدر  aمیری موہباتین :cحیدر قریشی bخاکے یادیں / aMeri mohabbaten : khake yaden /bby Haidar Qureshi  aنیی دہلی bمعیار پبلکشنس c1998 bنیی دہلی aکے ٣٠٢ تاج ینکلوے گیتا کالونی e110031 a159pc19cm(Hb) aادب -- اردو  aاردو سونے عمری  aLiterature -- Urdu aUrdu biography